000 00317nam a2200097Ia 4500
008 220120s9999||||xx |||||||||||||| ||und||
100 _aAkshitha, Rakshitha, Likitha and Manasa
_912455
245 0 _aLanguage analysis
260 _aCoorg Institute of Technology
_bPonnampet
_c2013
650 _aELECTRONICS AND COMMUNICATIONS
999 _c138042
_d138042